| 000 | 00810nmm a2200253 a 4500 | ||
|---|---|---|---|
| 003 | AR-BaBNM | ||
| 005 | 20251128210141.0 | ||
| 008 | 011101s1996 ||||||||||||||000 | spa|| | ||
| 020 | _a987-95450-6-0 | ||
| 040 | _cAR-BaBNM | ||
| 245 | 1 | 0 |
_aProyectos en marcha _bcomo trabajar con la ley y no morir en el intento : 2do. ciclo _nTomo 1 |
| 260 |
_aBuenos Aires _bEdiciones Docentes Argentinas _c1996 _bSur |
||
| 300 |
_bil., tablas _a253 p. |
||
| 650 | 4 | _aACTIVIDADES DE APRENDIZAJE | |
| 650 | 4 | _aENFOQUE INTERDISCIPLINARIO | |
| 653 | _aPROYECTOS DE AULA | ||
| 653 | _aAPRENDIZAJE SIGNIFICATIVO | ||
| 653 | _aCONTENIDOS BASICOS COMUNES | ||
| 653 | _aTEMAS TRANSVERSALES | ||
| 653 | _aESTRATEGIAS EDUCATIVAS | ||
| 653 | _aSEGUNDO CICLO DE LA EGB | ||
| 700 | 1 |
_aAguilar, Marcela _edirector |
|
| 942 | _cBK | ||
| 999 |
_c14264 _d14264 |
||